000 00674nas a2200229 4500
001 BR9209036
003 BR-BrBNA
005 20231205093213.0
007 ta
008 230509b bl.|||p| |||| 00| 00por d
040 _aBR-BrBNA
_bpor
_cBiblioteca Nacional de Agricultura
041 _a(Pt)
072 _aP01
100 1 _aGriffith, J.J.
245 1 _aEconomia da conservacao "in situ" de recursos geneticos florestais
650 _aCONSERVACAO
650 _aRECURSO FLORESTAL
650 _aGENETICA VEGETAL
773 0 _tIPEF (Brazil)
_xISSN 0100-4557
_g(Apr 1987), (no. 35) p. 85-92
_wBR9209036
909 _a202311
_bLúcia
_c55
_dLúcia Elande
942 _2AGRIS
_n0
_cANA
999 _c136830
_d136830